Der Sozialarbeiter im außergerichtlichen Tatausgleich - Auf dem Weg zu einem neuen professionellen Selbstverständnis

Saved in:  
Bibliographic Details
Main Author: Pelikan, Christa (Author)
Format: Print Article
Language:German
Published: 1992
In: Sozialarbeit und Bewährungshilfe
Year: 1992, Volume: 14, Issue: 3, Pages: 4-16
Check availability: HBZ Gateway
Keywords:

MARC

LEADER 00000caa a22000002c 4500
001 163998982X
003 DE-627
005 20220608130734.0
007 tu
008 160223s1992 xx ||||| 00| ||ger c
035 |a (DE-627)163998982X 
035 |a (DE-576)456025383 
035 |a (DE-599)BSZ456025383 
040 |a DE-627  |b ger  |c DE-627  |e rakwb 
041 |a ger 
100 1 |a Pelikan, Christa  |0 (DE-588)121495574  |0 (DE-627)705491455  |0 (DE-576)174134231  |4 aut 
109 |a Pelikan, Christa 
245 1 4 |a Der Sozialarbeiter im außergerichtlichen Tatausgleich - Auf dem Weg zu einem neuen professionellen Selbstverständnis  |c Christa Pelikan 
264 1 |c 1992 
336 |a Text  |b txt  |2 rdacontent 
337 |a ohne Hilfsmittel zu benutzen  |b n  |2 rdamedia 
338 |a Band  |b nc  |2 rdacarrier 
773 0 8 |i In  |t Sozialarbeit und Bewährungshilfe  |d Wien : Verein, 1979  |g 14(1992), 3, Seite 4-16  |w (DE-627)170192776  |w (DE-600)1023377-5  |w (DE-576)025179454  |7 nnas 
773 1 8 |g volume:14  |g year:1992  |g number:3  |g pages:4-16 
935 |a mkri 
951 |a AR 
ELC |b 1 
LOK |0 000 xxxxxcx a22 zn 4500 
LOK |0 001 3301201210 
LOK |0 003 DE-627 
LOK |0 004 163998982X 
LOK |0 005 20250312135509 
LOK |0 008 160208||||||||||||||||ger||||||| 
LOK |0 040   |a DE-21-110  |c DE-627  |d DE-21-110 
LOK |0 689   |a g  |a Österreich 
LOK |0 689   |a s  |a Täter-Opfer-Ausgleich 
LOK |0 852   |a DE-21-110 
LOK |0 852 1  |m p  |9 00 
LOK |0 935   |a k110 
LOK |0 938   |k p 
LOK |0 939   |a 08-02-16  |b l01 
ORI |a SA-MARC-krimdoka001.raw